LEADER 00985nam0-22002651i-450- 001 990002774500403321 035 $a000277450 035 $aFED01000277450 035 $a(Aleph)000277450FED01 035 $a000277450 100 $a20000920d--------km-y0itay50------ba 101 0 $aENG 200 1 $aFrodi valutarie e responsalita' penale deidipendenti degli Istituti di Credito. Sez.tenuta al corso di Agg. " Resp.ta' pen aledegli Oper. Bancari".$fdi Federico Ste lla . 210 $aMilano$cAss. per lo Sv. degli St. di B anca e Borsa$ds.d. 215 $a37 p.$dcm 21 225 1 $aQuaderno$v18 700 1$aStella,$bFederico$0113214 801 0$aIT$bUNINA$gRICA$2UNIMARC 901 $aBK 912 $a990002774500403321 952 $a9-728.18$b4.803/18 tb$fECA 959 $aECA 996 $aFrodi valutarie e responsalita' penale deidipendenti degli Istituti di Credito. Sez.tenuta al corso di Agg. " Resp.ta' pen aledegli Oper. Bancari"$9423288 997 $aUNINA DB $aING01 LEADER 01473nam 2200409z- 450 001 9910693919003321 005 20220517223756.0 035 $a(CKB)5860000000020537 035 $a(BIP)058843093 035 $a(EXLCZ)995860000000020537 100 $a20220406c2005uuuu -u- - 101 0 $aeng 200 10$aDemocracy in retreat in Russia $ehearing before the Committee on Foreign Relations, United States Senate, One Hundred Nineth [i.e. Ninth] Congress, first session, February 17, 2005 215 $a1 online resource (iii, 88 p.) 311 $a0-16-072733-2 517 $aDemocracy in retreat in Russia 606 $aDemocracy$zRussia (Federation) 606 $aPolitical corruption$zRussia (Federation) 606 $aHuman rights$zRussia (Federation) 606 $aElections$xCorrupt practices$zRussia (Federation) 607 $aRussia (Federation)$xPolitics and government$y1991- 607 $aUnited States$xForeign relations$zRussia (Federation) 607 $aRussia (Federation)$xForeign relations$zUnited States 610 $aDemocracy 610 $aPolitical corruption 610 $aHuman rights 610 $aElections 610 $aRussia (federation) 610 $aPolitical science 615 0$aDemocracy 615 0$aPolitical corruption 615 0$aHuman rights 615 0$aElections$xCorrupt practices 906 $aBOOK 912 $a9910693919003321 996 $aDemocracy in retreat in Russia$93115859 997 $aUNINA